| 000 | 00691cam a22002171 4500 | ||
|---|---|---|---|
| 001 | ne 64001775 | ||
| 003 | DLC | ||
| 005 | 20260227111802.0 | ||
| 008 | 840206s1963 ua 000 0 arar | ||
| 010 | _ane 64001775 | ||
| 035 | _a(OCoLC)10379122 | ||
| 040 |
_aDLC _cTxU _dTxU _dDLC |
||
| 042 | _apremarc | ||
| 050 | 0 | 0 |
_aBS1465.5 _b.S3 |
| 100 | 1 | _aSaʻīd, Ḥabīb. | |
| 245 | 1 | 3 |
_aal-Ḥikmah fī al-ʻaṣr al-ḥadīth, _cbi-qalam Ḥabīb Saʻīd. |
| 260 |
_aal-Qāhirah, _bDār al-Taʼlīf wa-al-Nashr lil-Kanīsah al-Usqufīyah _c[1963] |
||
| 300 |
_a167 p. _c20 cm. |
||
| 630 | 0 | 0 |
_aBible. _pProverbs _xDevotional literature. |
| 630 | 0 | 0 |
_aBible. _pEcclesiastes _xDevotional literature. |
| 999 |
_c47230 _d47230 |
||